00791 a2200205 4500003000500000005001700005010001600022020003300038035002000071040000900091082001500100100002200115245008600137250001300223260004300236300003400279505022100313650002300534650002800557Nust20230316123046.0 a 94133716 a0412288702 (acid-free paper) a(OCoLC)28563113 cNust00a621.46,RAM1 aRamshaw, Raymond.10aPower electronics thyristor controlled power for electric motors /cR.S. Ramshaw. a[2nd ed. aLondon :bJohn wiley and sons,cc1993. axiv, 223 p. :bill. ;c24 cm. aPower Electronic and Rotating Electric Drives (Page-1), The Thruster (Page-10), Thruster Characteristics (Page-17), Induction Motor Control (Page-52), Direct Current Motor Control (Page-117), Synchronous (Page-172).  0aPower electronics. 0aSemiconductor switches.